Journal of the American Society for Information Science

Podrobná bibliografia
Nový názov:Journal of the American Society for Information Science and Technology
Predchádzajúci názov:American documentation
Médium: Seriál
Jazyk:angličtina
PhysicalDescription:31 zv. cm
Vydavateľské údaje: New York John Wiley 1970-2000
ISSN:0002-8231
0096-946X
1532-2882
Predmet:

MARC

LEADER 00000cas a2200000 a 4500
001 vtls001363069
003 SK-MaSNL
005 20260228155805.0
008 210928d19702000xxumr 0 0 0eng c
022 |a 0002-8231 
035 |a SNK000316668 
040 |a SNK  |b slo  |c SNK  |e AACR2 
041 0 |a eng 
044 |a xxu  |c US 
072 7 |a 659  |x Reklama. Public relations. Médiá  |2 konspekt 
072 7 |a 007  |x Teória systémov. Automatické systémy. Kybernetika. Informačné systémy  |2 konspekt 
080 |a 659.2  |2 2011 
080 |a 007+004  |2 2011 
080 |a (051)  |2 2011 
080 |a 050  |2 2011 
210 0 |a J. Am. Soc. Inf. Sci. 
222 0 |a Journal of the American Society for Information Science 
245 0 0 |a Journal of the American Society for Information Science 
246 3 3 |a JASIS 
260 |a New York  |b John Wiley  |c 1970-2000 
300 |a 31 zv.  |c cm 
310 |a 1x mesačne 
362 0 |a 1970-2000 
650 0 7 |a informačné služby  |2 SNKPH  |9 49796 
650 0 7 |a informatika  |2 SNKPH  |9 1124 
655 7 |a časopisy  |2 SNKPH  |9 76610 
780 0 0 |t American documentation  |x 0096-946X 
785 0 0 |t Journal of the American Society for Information Science and Technology  |x 1532-2882 
910 |a snk 
958 |a OND 
999 |c 587  |d 587 
952 |0 0  |1 1  |4 0  |7 0  |a SNK  |b SNK  |d 1999-05-12  |l 0  |o snkČB 3808/34/1983  |p 17A0193649  |r 2005-01-02 00:00:00  |t č. 1-6  |w 2026-02-21  |y PREZ 
952 |0 0  |1 1  |4 0  |7 0  |8 4  |a SNK  |b SNK  |d 2002-01-02  |i snkČZK 4485/94  |l 0  |o snkČB 3808/43/1992  |p 17A0327105  |r 2005-01-02 00:00:00  |t č. 1-10  |w 2026-02-21  |y PREZ 
952 |0 0  |1 1  |4 0  |7 0  |8 4  |a SNK  |b SNK  |d 2002-01-02  |i snkČZK 1554/96  |l 0  |o snkČB 3808/46/1995/1  |p 17A0327259  |r 2005-01-02 00:00:00  |t č. 1-5  |w 2026-02-21  |y PREZ 
952 |0 0  |1 1  |4 0  |7 0  |8 4  |a SNK  |b SNK  |d 2002-01-02  |i snkČZK 1555/96  |l 0  |o snkČB 3808/46/1995/2  |p 17A0327342  |r 2005-01-02 00:00:00  |t č. 6-10  |w 2026-02-21  |y PREZ